| 000 | 00960nam a2200277 i 4500 | ||
|---|---|---|---|
| 001 | 124558 | ||
| 003 | ES-MaACL | ||
| 005 | 20250812221203.0 | ||
| 007 | t| | ||
| 008 | 070329s1930 sp fg |||| | spa d | ||
| 080 | _a78(465.02) | ||
| 100 | 1 |
_aWellesz, Egon. _9116446 |
|
| 245 | 1 | 0 |
_aMúsica bizantina / _cDr. Egon Wellesz ; traducción de Roberto Gerhard ; [con ejemplos musicales y 16 láminas]. |
| 260 |
_aBarcelona : _bLabor, _c1930. |
||
| 300 |
_a112 p., XVI p. de lám. ; _c17 cm. |
||
| 490 | 1 |
_aColección Labor ; _v264. _aSección V: Música |
|
| 500 | _aCronología. | ||
| 500 | _aÍndice. | ||
| 504 | _aBibliografía: p. [104]-108. | ||
| 650 | 4 |
_aMúsica bizantina. _9161435 |
|
| 700 | 1 |
_aGerhard, Robert. _956444 |
|
| 830 | 0 | 0 |
_aColección Labor. _pMúsica _v264. _9188907 |
| 852 |
_aES-MaACL _jE-2763 |
||
| 852 |
_aES-MaACL _jL-30908 _z- enc. cart. _z. - Biblioteca Jacinto Martínez Lacalle |
||
| 999 |
_c124558 _d124558 |
||